| 000 | 003520000a22001450004500 | ||
|---|---|---|---|
| 003 | MACL | ||
| 040 | _aMACL | ||
| 090 |
_c3658 _d3658 |
||
| 100 | _aVishvanathan , Susan | ||
| 245 | _aMossionary Styles And The Problem Of Dialogue | ||
| 260 |
_aShimla _bIndian Institute Of Advanced Study _c1993 |
||
| 350 | _a25 | ||
| 650 | _aReligion | ||
| 942 |
_cBOOK _k294 |
||
| 999 |
_c3636 _d3636 |
||